01155cam a2200205 a 4500020003100000082001400031100002300045245003000068250001200098260006100110300003700171500002000208505051800228650002600746650003700772650001800809942000700827999001500834952010000849 a9780763756895 (alk. paper)00a616.9/0411 aKrasner, Robert I.14aThe microbial challenge : a2nd ed. aSudbury, Mass. :bJones and Bartlett Publishers,cc2010. axx, 476 p. :bill. (some col.) ; aIncludes index.0 aIdentifying the challenge -- The microbial world -- The beneficial aspects of microbes : the other side of the coin -- Bacteria -- Viruses -- Bacterial genetics -- Concepts of microbial disease -- Epidemiology and cycle of microbial disease -- Bacterial diseases -- Viral diseases -- Protozoans and helminths and the diseases they cause -- The immune response -- Control of microbial diseases -- Partnerships in the control of infectious diseases -- Biological weapons -- Current plagues -- The unfinished agenda. 0aMedical microbiology.12aCommunicable Diseases, Emerging.22aMicrobiology. cBK c1709d1709 0010708NFICaICbICcGENd2015-07-26l0o576 KRAp005638r2022-11-17 00:00:00w2015-07-26yBK